Systems of quasilinear equations and their applications to gas dynamics

Αποθηκεύτηκε σε:
Λεπτομέρειες βιβλιογραφικής εγγραφής
Κύριος συγγραφέας: Rozhdestvenskii, B. L. (Boris Leonidovich)
Άλλοι συγγραφείς: Yanenko, N. N.
Μορφή: Βιβλίο
Γλώσσα:English
Russian
Δημοσίευση: Providence ; Rhode island : American Mathematical Society, c1983
Σειρά:Translations of mathematical monographs ; ; 55
Θέματα:
Ετικέτες: Προσθήκη ετικέτας
Δεν υπάρχουν, Καταχωρήστε ετικέτα πρώτοι!

MARC

LEADER 00000nam a2200000 i 4500
001 1/36919
008 970417s1983 eng d
020 |a 0-8218-4509-8 
035 |l 10040365 
040 |a GR-MY-UA  |b    |e aacr 
041 0 |a eng  |h rus 
082 0 |a 515.353 
100 1 |a Rozhdestvenskii, B. L.  |q (Boris Leonidovich) 
245 1 0 |a Systems of quasilinear equations and their applications to gas dynamics /  |c by B.L. Rozdestvenskii, N.N. Janenko 
260 |a Providence ; Rhode island :   |b American Mathematical Society,   |c c1983 
300 |a xx, 676 p.;  |b ill.;  |c c1983 
490 1 |a Translations of mathematical monographs  |v ; 55 
500 |a Includes bibliography 
650 0 0 |a Differential equations, Partial. 
650 0 0 |a Gas dynamics. 
700 1 |a Yanenko, N. N. 
830 0 |a Translations of mathematical monographs ;  |v ; 55 
852 |a INST  |b SAMOS  |e 19970417  |h 515.353 ROZ  |p 005300012170  |q 005300012170  |t BK  |y 0 
901 |a BIBL-1998-2 
909 |a Σ  |b 058806 
922 |a 3ΕΛΗ  |b 199808  |c ΛΥΜΠΕΡΟΠΟΥΛΟΣ  |d ΚΩΣΤΑΡΑΚΗΣ